| 000 | 00636nam a2200229Ia 4500 | ||
|---|---|---|---|
| 003 | OSt | ||
| 005 | 20220918183519.0 | ||
| 006 | a|||||r|||| 00| 0 | ||
| 007 | ta | ||
| 008 | 220917b |||||||| |||| 00| 0 eng d | ||
| 024 | _a38,547 | ||
| 037 | _cTextual | ||
| 040 |
_aARTS _cARTS _beng |
||
| 041 |
_2eng _aeng |
||
| 082 | _aO15:9x8:1x, C5 | ||
| 100 | _aMammata | ||
| 245 | 0 | _aKavya Prakasha with Kavya pradipa of Govinda and Udyota of Nagojbhatta edited by Dinkar Trimbak Chandorkar | |
| 260 | _c1895 | ||
| 650 | _aENGLISH LITERATURE | ||
| 942 |
_hO15:9x8:1x, C5 _cTEXL _2CC |
||
| 999 |
_c172897 _d172897 |
||